Pleading guilty / (Record no. 11013)
[ view plain ]
| 000 -LEADER | |
|---|---|
| fixed length control field | 01321cam a2200373 a 4500 |
| 001 - CONTROL NUMBER | |
| control field | 2053658 |
| 003 - CONTROL NUMBER IDENTIFIER | |
| control field | LC |
| 005 - DATE AND TIME OF LATEST TRANSACTION | |
| control field | 20160315141215.0 |
| 008 - FIXED-LENGTH DATA ELEMENTS--GENERAL INFORMATION | |
| fixed length control field | 930810s1993 nyu 000 1 eng c |
| 010 ## - LIBRARY OF CONGRESS CONTROL NUMBER | |
| LC control number | 93070819 |
| 020 ## - INTERNATIONAL STANDARD BOOK NUMBER | |
| International Standard Book Number | 0-446-36550-5 |
| 040 ## - CATALOGING SOURCE | |
| Original cataloging agency | DLC/MoSU-L |
| Transcribing agency | MoSU-L |
| Modifying agency | OCoLC |
| -- | DLC |
| -- | OCoLC |
| -- | DLC |
| 042 ## - AUTHENTICATION CODE | |
| Authentication code | lcnccp |
| 043 ## - GEOGRAPHIC AREA CODE | |
| Geographic area code | n-us-il |
| 050 00 - LIBRARY OF CONGRESS CALL NUMBER | |
| Classification number | PS 3570.U754 |
| Item number | .T956 1994 |
| 082 ## - DEWEY DECIMAL CLASSIFICATION NUMBER | |
| Classification number | FIC |
| Item number | T86pl 1993 |
| 100 1# - MAIN ENTRY--PERSONAL NAME | |
| Personal name | Turow, Scott. |
| 9 (RLIN) | 18634 |
| 245 10 - TITLE STATEMENT | |
| Title | Pleading guilty / |
| Statement of responsibility, etc | Scott Turow. |
| 250 ## - EDITION STATEMENT | |
| Edition statement | 1st ed. |
| 260 ## - PUBLICATION, DISTRIBUTION, ETC. (IMPRINT) | |
| Place of publication, distribution, etc | New York : |
| Name of publisher, distributor, etc | Farrar, Straus and Giroux, |
| Date of publication, distribution, etc | 1994. |
| 300 ## - PHYSICAL DESCRIPTION | |
| Extent | 386 p. : |
| Dimensions | 18 cm. |
| 650 #0 - SUBJECT ADDED ENTRY--TOPICAL TERM | |
| Topical term or geographic name as entry element | Kindle County (Imaginary place) |
| General subdivision | Fiction. |
| 9 (RLIN) | 18635 |
| 650 #0 - SUBJECT ADDED ENTRY--TOPICAL TERM | |
| Topical term or geographic name as entry element | Embezzlement |
| General subdivision | Fiction. |
| 9 (RLIN) | 18636 |
| 650 #0 - SUBJECT ADDED ENTRY--TOPICAL TERM | |
| Topical term or geographic name as entry element | Missing persons |
| General subdivision | Fiction. |
| 9 (RLIN) | 18637 |
| 651 #0 - SUBJECT ADDED ENTRY--GEOGRAPHIC NAME | |
| Geographic name | Chicago (Ill.) |
| General subdivision | Fiction. |
| 9 (RLIN) | 18638 |
| 655 #7 - INDEX TERM--GENRE/FORM | |
| Genre/form data or focus term | Legal stories. |
| Source of term | gsafd |
| 9 (RLIN) | 14108 |
| 856 42 - ELECTRONIC LOCATION AND ACCESS | |
| Materials specified | Contributor biographical information |
| Uniform Resource Identifier | <a href="http://www.loc.gov/catdir/bios/hol056/93070819.html">http://www.loc.gov/catdir/bios/hol056/93070819.html</a> |
| 856 42 - ELECTRONIC LOCATION AND ACCESS | |
| Materials specified | Publisher description |
| Uniform Resource Identifier | <a href="http://www.loc.gov/catdir/description/hol054/93070819.html">http://www.loc.gov/catdir/description/hol054/93070819.html</a> |
| 856 41 - ELECTRONIC LOCATION AND ACCESS | |
| Materials specified | Sample text |
| Uniform Resource Identifier | <a href="http://www.loc.gov/catdir/enhancements/fy1101/93070819-s.html">http://www.loc.gov/catdir/enhancements/fy1101/93070819-s.html</a> |
| 906 ## - LOCAL DATA ELEMENT F, LDF (RLIN) | |
| a | 7 |
| b | cbc |
| c | nccpada |
| d | 2 |
| e | opcn |
| f | 19 |
| g | y-gencatlg |
| 942 ## - ADDED ENTRY ELEMENTS (KOHA) | |
| Source of classification or shelving scheme | Library of Congress Classification |
| Koha item type | Books |
| Withdrawn status | Lost status | Source of classification or shelving scheme | Damaged status | Home library | Current library | Shelving location | Date acquired | Source of acquisition | Total Checkouts | Full call number | Barcode | Date last seen | Copy number | Price effective from | Koha item type |
|---|---|---|---|---|---|---|---|---|---|---|---|---|---|---|---|
| Library of Congress Classification | Luxembourg Library | Luxembourg Library | Fiction Section | 09/12/2013 | Donation | PS 3570 .U754 .T956 1994 | 4020 | 09/12/2013 | 1 | 09/12/2013 | Books |